A course in computational algebraic number theory / (Record no. 175626)
[ view plain ]
| 000 -LEADER | |
|---|---|
| fixed length control field | 01191 a2200217 4500 |
| 003 - CONTROL NUMBER IDENTIFIER | |
| control field | Nust |
| 005 - DATE AND TIME OF LATEST TRANSACTION | |
| control field | 20221117124703.0 |
| 010 ## - LIBRARY OF CONGRESS CONTROL NUMBER | |
| LC control number | 93003701 |
| 020 ## - INTERNATIONAL STANDARD BOOK NUMBER | |
| International Standard Book Number | 0387556400 (Springer-Verlag New York Berlin Heidelberg) |
| 020 ## - INTERNATIONAL STANDARD BOOK NUMBER | |
| International Standard Book Number | 3540556400 (Springer-Verlag Berlin Heidelberg New York) |
| 040 ## - CATALOGING SOURCE | |
| Transcribing agency | Nust |
| 082 00 - DEWEY DECIMAL CLASSIFICATION NUMBER | |
| Classification number | 512.72,COH |
| 100 1# - MAIN ENTRY--PERSONAL NAME | |
| Personal name | Cohen, Henri. |
| 9 (RLIN) | 95838 |
| 245 12 - TITLE STATEMENT | |
| Title | A course in computational algebraic number theory / |
| Statement of responsibility, etc. | Henri Cohen. |
| 260 ## - PUBLICATION, DISTRIBUTION, ETC. | |
| Place of publication, distribution, etc. | Berlin ; |
| -- | New York : |
| Name of publisher, distributor, etc. | Springer-Verlag, |
| Date of publication, distribution, etc. | c1993. |
| 300 ## - PHYSICAL DESCRIPTION | |
| Extent | xxi, 534 p. ; |
| Dimensions | 24 cm. |
| 440 #0 - SERIES STATEMENT/ADDED ENTRY--TITLE | |
| Title | Graduate texts in mathematics ; |
| Volume/sequential designation | 138 |
| 9 (RLIN) | 95739 |
| 505 ## - FORMATTED CONTENTS NOTE | |
| Formatted contents note | Fundamental Number Theoretic Algorithms (Page-), Algorithms for Linear Algebra and Lattices (Page-46), Algorithms on Polynomials (Page-109), Algorithms for Algebraic Number Theory 1 (Page-153), Algorithms for Quadratic Fields (Page-223), Algorithms for Algorithms for Algebraic Number Theory II (Page-303), Introduction To Elliptic Curves (Page-367), Factoring in the Dark Ages (Page-419), Modern Partiality Tests (Page-445), Modern Factoring Methods (Page-477). |
| 650 #0 - SUBJECT ADDED ENTRY--TOPICAL TERM | |
| Topical term or geographic name entry element | Algebraic number theory |
| General subdivision | Data processing. |
| 9 (RLIN) | 102661 |
| 942 ## - ADDED ENTRY ELEMENTS (KOHA) | |
| Koha item type | Reference |
| Source of classification or shelving scheme | |
| Call number prefix | 512.72,COH |
| Withdrawn status | Lost status | Source of classification or shelving scheme | Damaged status | Not for loan | Permanent Location | Current Location | Shelving location | Date acquired | Full call number | Barcode | Date last seen | Price effective from | Koha item type | Public note |
|---|---|---|---|---|---|---|---|---|---|---|---|---|---|---|
| Military College of Signals (MCS) | Military College of Signals (MCS) | General Stacks | 12/12/2016 | 512.72,COH | MCS30502 | 12/08/2016 | 12/12/2016 | Book | Almirah No.11, Shelf No.4 |
